| 000 | 00354nam a2200133Ia 4500 | ||
|---|---|---|---|
| 005 | 20260328101447.0 | ||
| 008 | 260328s9999||||xx |||||||||||||| ||und|| | ||
| 100 | _aBesques, Simone | ||
| 245 | 0 |
_aLa revue de Louvre et des Mussees de France / _cSimone Besques |
|
| 260 | _bConseil des Musees Nationaux | ||
| 300 | _a311 p. | ||
| 650 | _aARTE | ||
| 942 | _cBK | ||
| 999 |
_c8493 _d8493 |
||